000 01052nam a2200313 a 4500
001 000046675
003 DO4-SdBNP
005 20240302073951.0
007 ta
008 110211s2014 dr a 000 0 spa d
020 _a9789945468496
040 _aDO-SdBNP
_bspa
_cBNPHU
082 4 _a923.2
_bC343p, 2014
_222
100 1 _aCassá, Roberto,
_d1948-
_910888
245 1 0 _aPedro Francisco Bonó :
_bintelectual de los pobres /
_cRoberto Cassá ; ilustraciones José Mercader.
250 _a2a. ed.
260 _aSanto Domingo :
_bTobogán,
_c2014.
300 _a80 p. :
_bil. ;
_c22 cm.
490 1 _aBibliografías Dominicanas Tobogán ;
500 _aIncluye datos biografícos del autor e ilustrador.
504 _aBibliografía : p. 77
590 _aInventariado, 2018/ YL
600 1 4 _aBonó, Pedro Francisco,
_d1828-1906
_91351
650 4 _aPolíticos
_zRepública Dominicana
_93019
_vBiografías
700 1 _aMercader, José
_eil.
_956560
830 0 _aBibliografías Dominicanas Tobogán
_951678
910 _aYL
942 _2ddc
_cLBS1
999 _c46164
_d46164